000 00480nam a2200157 i 4500
001 69516
003 ES-MaACL
005 20230906170535.0
007 t|
008 040707s1952 sp ||||1| spa d
100 1 _aGarcía de Diego, Agustín.
_954417
245 1 0 _aGeometría y su metodología trigonométrica /
_cpor Agustín García de Diego.
260 _aBurgos :
_bHijos de Santiago Rodríguez,
_c1952.
300 _a187 p. ;
_c23 cm.
852 _aES-MaACL
_jD-9011
_bR.33970
999 _c69516
_d69516